000 01052nam a2200253Ia 4500
003 OSt
005 20220923212527.0
006 a|||||r|||| 00| 0
007 ta
008 220922b |||||||| |||| 00| 0 hin d
024 _a153,792
037 _cTextual
040 _aARTS
_cARTS
_bhin
041 _2hin
_ahin
082 _aO15:gx4,1:g, 152K6
100 _aउद्भट; त्रिपाठी, राममूर्ति, अनु.
_9162568
245 0 _aकाव्यालंकार सार संग्रह एवं लघुवृत्ति कीव्याख्या
246 _aKāvyālankār sār sangrah evan laghuvṛutti kīvyākhyā
260 _aप्रयाग
_b हिन्दी साहित्य सम्मेलन
_c1966
300 _a439 पृ.
_ccm.
650 _aसंस्कृत साहित्य
942 _hO15:gx4,1:g, 152K6
_cTEXL
_2CC
999 _c309430
_d309430